Statistics for Cricket Positions

Click here to take the quiz!

General Stats

  • This quiz has been taken 9,429 times
    (4,210 since last reset)
  • The average score is 17 of 36

Answer Stats

Group Position % Correct
CloseWicket keeper
87%
OtherBowler
85%
CloseSlips (1st, 2nd, etc...)
83%
InfieldMid off
70%
CloseGully
70%
InfieldMid on
68%
InfieldCover
63%
InfieldPoint
62%
OutfieldThird man
60%
InfieldSquare leg
59%
OutfieldLong off
59%
OutfieldLong on
59%
CloseSilly mid off
57%
CloseSilly mid on
55%
InfieldMid wicket
54%
InfieldFine leg
53%
OutfieldDeep cover
46%
CloseSilly point
46%
CloseLeg slip
45%
CloseShort leg
45%
InfieldExtra cover
42%
OutfieldDeep midwicket
41%
OutfieldDeep square leg
40%
OutfieldDeep point
35%
OutfieldCow corner
31%
OutfieldLong leg
28%
InfieldFly slip
27%
InfieldBackward point
26%
OutfieldDeep extra cover
26%
CloseLeg gully
24%
OutfieldDeep fine leg
22%
InfieldBackward square leg
18%
InfieldShort third man
18%
OutfieldLong stop
16%
OutfieldDeep backward point
14%
OutfieldStraight hit
13%

Score Distribution

Percentile by Number Answered

Percent of People with Each Score

Your Score History

You have not taken this quiz since the last reset